"The Gold of Pannonian Plain" is a temporary archaeological exhibition of Móra Ferenc Museum ideas, concept and conclusion about the exhibition and its itinerary in the Carpathian Basin /

Elmentve itt :
Bibliográfiai részletek
Szerző: Szilágyi Kata
Testületi szerző: "We should not, however, think that we are pioneers" : museums on troubled waters in the past and today
Dokumentumtípus: Könyv része
Megjelent: Szegedi Tudományegyetem Régészeti Tanszék; Jósa András Múzeum Szeged ; Nyíregyháza 2022
Sorozat:Monográfiák a Szegedi Tudományegyetem Régészeti Tanszékéről 10
"We should not, however, think that we are pioneers" : museums on troubled waters in the past and today : international online conference on museum history 10
Kulcsszavak:Múzeumtörténet - Szeged, Régészet - leletek, Móra Ferenc Múzeum
Tárgyszavak:
Online Access:http://acta.bibl.u-szeged.hu/76997
LEADER 01385naa a2200241 i 4500
001 acta76997
005 20221110121447.0
008 221110s2022 hu o 1|| eng d
020 |a 978-615-5619-25-0 
022 |a 2062-9877 
040 |a SZTE Egyetemi Kiadványok Repozitórium  |b hun 
041 |a eng 
100 1 |a Szilágyi Kata 
245 1 0 |a "The Gold of Pannonian Plain" is a temporary archaeological exhibition of Móra Ferenc Museum   |h [elektronikus dokumentum] :  |b ideas, concept and conclusion about the exhibition and its itinerary in the Carpathian Basin /  |c  Szilágyi Kata 
260 |a Szegedi Tudományegyetem Régészeti Tanszék; Jósa András Múzeum  |b Szeged ; Nyíregyháza  |c 2022 
300 |a 293-308 
490 0 |a Monográfiák a Szegedi Tudományegyetem Régészeti Tanszékéről  |v 10 
490 0 |a "We should not, however, think that we are pioneers" : museums on troubled waters in the past and today : international online conference on museum history  |v 10 
650 4 |a Bölcsészettudományok 
650 4 |a Történettudomány és régészet 
695 |a Múzeumtörténet - Szeged, Régészet - leletek, Móra Ferenc Múzeum 
711 |a "We should not, however, think that we are pioneers" : museums on troubled waters in the past and today  |c Online  |d 2021 
856 4 0 |u http://acta.bibl.u-szeged.hu/76997/1/regeszeti_monografiak_010_2_293-308.pdf  |z Dokumentum-elérés